000 00675nam a2200277Ia 4500
005 20260324113354.0
008 008 260324s9999 xx 000 0 eng d
020 _a9781032670799
037 _aEBOOK
040 _aCRL
040 _beng
040 _cCRL
041 _2eng
041 _aeng
084 _qCRL
100 _aJoanna Podgórska-Rykała
_91146509
245 0 _aDeliberative Democracy, Public Policy, and Local Government
260 _bTaylor and Francis
260 _c2024
365 _a
365 _b80.99
856 _uhttp://www.taylorfrancis.com/books/9781032670799
942 _cEBOOK
999 _c1736118
_d1736118